01541cam a22003614a 450000100090000000300040000900500170001300800410003001000170007102000150008802000230010303500230012604000280014904200140017705000240019108200190021510000340023424500530026826000480032130000580036950001310042750400510055853800440060965000140065365000240066785601060069185600910079785600920088890600450098094200120102599900170103795201250105413799682OSt20170105113110.0041126s2006 caua b 001 0 eng d a 2004117046 a0534418201 a0495010839 (CDROM) a(OCoLC)ocm58918467 aOGEcOGEdVETdOCLdDLC alccopycat00aQH323.5b.R674 200600a570.1/51952221 aRosner, Bernardq(Bernard A.)10aFundamentals of biostatistics /cBernard Rosner. aBelmont, CA :bThomson-Brooks/Cole,cc2006. axix, 868 p. :bill. ;c25 cm. +e1 CD-ROM (4 3/4 in.) aAccompanying CD-ROM contains a student study guide, and data sets in the formats of Minitab, SPSS, SAS, JMP, Excel, and ASCII. aIncludes bibliographical references and index. aSystem requirements: Microsoft Windows. 0aBiometry. 0aMedical statistics.423Contributor biographical informationuhttp://www.loc.gov/catdir/enhancements/fy1103/2004117046-b.html423Publisher descriptionuhttp://www.loc.gov/catdir/enhancements/fy1103/2004117046-d.html413Table of contents onlyuhttp://www.loc.gov/catdir/enhancements/fy1514/2004117046-t.html a7bcbcccopycatd3eepcnf20gy-gencatlg 2ddccBK c33486d33486 00102ddc4070aSMMEbSMMEd2016-05-03l1o570.15195 ROSpSMME-2629q2022-03-24r2021-11-24s2021-11-24w2016-05-03yBK